书目信息 |
| 题名: |
建筑工程机电设备招投标文件编写范本
|
|
| 作者: | 孙成群 主编 | |
| 分册: | ||
| 出版信息: | 北京 中国水利水电出版社 2005.05 |
|
| 页数: | 580页 | |
| 开本: | 19cm | |
| 丛书名: | ||
| 单 册: | ||
| 中图分类: | TU85 | |
| 科图分类: | ||
| 主题词: | 建筑工程--机电设备--招标--文件--范文 | |
| 电子资源: | ||
| ISBN: | 7-5084-2804-8 | |
| 000 | 01011nam0 2200229 450 | |
| 001 | 010241665890 | |
| 005 | 20050923102203.84 | |
| 010 | @a7-5084-2804-8@b精装@dCNY58.00 | |
| 100 | @a20050719d2005 km y0chiy0120 ea | |
| 101 | 0 | @achi |
| 102 | @aCN@b110000 | |
| 105 | @aa z 000yy | |
| 200 | 1 | @a建筑工程机电设备招投标文件编写范本@Ajian zhu gong cheng ji dian she bei zhao tou biao wen jian bian xie fan ben@d= Model Documents of Tendering for Mechanical and Electrical Equipments in Civil Building@f孙成群主编@Fsun cheng qun zhu bian@zeng |
| 210 | @a北京@c中国水利水电出版社@d2005.05 | |
| 215 | @a580页@c图@d19cm | |
| 330 | @a本书分4卷,其中包括投标须知、合同条件及合同格式,设备技术条款,投标文件格式及评标办法及中标通知书。 | |
| 510 | 1 | @aModel Documents of Tendering for Mechanical and Electrical Equipments in Civil Building@zeng |
| 606 | 0 | @a建筑工程@x机电设备@x招标@x文件@x范文 |
| 690 | @aTU85@v4 | |
| 701 | 0 | @a孙成群@Asun cheng qun@4主编 |
| 801 | 0 | @aCN@bQSSK@c20050923 |
| 905 | @a10447@dTU85@eS905 | |
| 建筑工程机电设备招投标文件编写范本= Model Documents of Tendering for Mechanical and Electrical Equipments in Civil Building/孙成群主编.-北京:中国水利水电出版社,2005.05 |
| 580页:图;19cm |
| ISBN 7-5084-2804-8(精装):CNY58.00 |
| 本书分4卷,其中包括投标须知、合同条件及合同格式,设备技术条款,投标文件格式及评标办法及中标通知书。 |
| ● |
| 相关链接 |
|
|
|
正题名:建筑工程机电设备招投标文件编写范本
索取号:TU85/S905
 
预约/预借
| 序号 | 登录号 | 条形码 | 馆藏地/架位号 | 状态 | 备注 |
| 1 | 527086 | 205270865 | 建筑库201/201建筑库 53排6列2层/ [索取号:TU85/S905] | 在馆 | |
| 2 | 527087 | 205270874 | 建筑库201/201建筑库 53排6列2层/ [索取号:TU85/S905] | 在馆 |